|
|
|
|
| LEADER |
00000nam a2200000Ia 4500 |
| 008 |
170327b2009 cr ||||| |||| 00| | spa d |
| 020 |
|
|
|a 9789968818940
|
| 090 |
|
|
|a 06.02.01
|b 1828
|
| 100 |
1 |
|
|a Antúnez, Serafin
|9 2635
|
| 245 |
1 |
3 |
|a La formación permanente de docentes en la región Centroamericana y República Dominicana: análisis de la situación y propuestas para la convergencia regional /
|c Serafín Antúnez y Francisco Imbermon
|
| 260 |
|
|
|a San José, Costa Rica :
|b Coordinación Educativa y Cultural Centroamericana CEEC/SICA,
|c 2009
|
| 300 |
|
|
|a 200 páginas
|
| 650 |
1 |
4 |
|a CAPACITACIÓN
|9 729
|
| 650 |
1 |
4 |
|a FORMACIÓN DE DOCENTES
|9 9
|
| 651 |
|
4 |
|9 457
|a AMÉRICA CENTRAL
|
| 651 |
|
4 |
|9 458
|a REPÚBLICA DOMINICANA
|
| 700 |
1 |
|
|9 2636
|a Imbermon, Francisco
|
| 942 |
|
|
|i 002805
|h 06.02.01 1828
|2 z
|c 01
|6 060201_1828_002805
|
| 999 |
|
|
|c 677
|d 677
|